LEADER 01195nam a2200289 i 4500 001 000000149641 003 CaOOAMICUS 005 20060421000000.0 008 060421s2003 it u000 u ita u 013 $a126966 020 $a88-7402-073-2 040 $aSeMil$bita 100 1 $aScarpazza, Benigno.$0(OLS)http://semarc/name/11904 245 13$aIl prete e la coppia in comunione per Cristo /$cBenigno Scarpazza. 260 $aCantalupa (Torino) :$bEffatà,$cCopyr. 2003. 300 $a158 p. ;$c21 cm. 490 0 $aScienze del matrimonio 500 $aContiene : Bibliografia. - Dono del card. Dionigi Tettamanzi. 650 4$aMatrimonio - Concezione cristiana.$0(OLS)http://semarc/subject/383 830 0$aScienze del matrimonio.$0(OLS)http://semarc/title/20752 850 $aSeMil 852 $aSeMil$W1$xVenegono$y1$m2E III 27$j101842$B101842$CSeMilBibl$Z2$F110888 $81 941 1 $a5 961 $aOmaggio: Tettamanzi Card. Dionigi 996 $6020$a88-7402-073-2$9(OLS)http://semarc/number/138794 996 $6245$aIl prete e la coppia in comunione per Cristo$9(OLS)http://semarc/title/218723 996 $6260$aCantalupa (Torino) :$bEffatà$9(OLS)http://semarc/publisher/30780 LEADER 00625nas a2200157 i 4500 001 000000029594 003 CaOOAMICUS 005 20180830125448.0 008 180830s1963 gw u0 und u 040 $aSeMil$bita 100 1 $aKuhn, Karl Georg.$0(OLS)http://semarc/name/13499 245 10$aStudien zur Umwelt des Neuen Testaments /$cherausgegeben von Karl Georg Kuhn. 260 $aIn Göttingen :$bVandenhoeck & Ruprecht,$c1963. 300 $av. ;$c24 cm. 996 $6245$aStudien zur Umwelt des Neuen Testaments$9(OLS)http://semarc/title/40214 996 $6260$aIn Göttingen :$bVandenhoeck & Ruprecht$9(OLS)http://semarc/publisher/29771